Antígonas: La travesía de un mito universal por la historia de Occidente
Gespeichert in:
| 1. Verfasser: | |
|---|---|
| Format: | Buch |
| Sprache: | Spanisch |
| Veröffentlicht: |
Barcelona
Gedisa
1996
|
| Ausgabe: | 1a. ed |
| Schriftenreihe: | Econobook
|
| Schlagworte: | |
| Tags: |
Tag hinzufügen
Keine Tags, Fügen Sie den ersten Tag hinzu!
|
MARC
| LEADER | 00000nam a2200000 a 4500 | ||
|---|---|---|---|
| 001 | UCG2142 | ||
| 003 | CL-VaPUC | ||
| 008 | 100617e19960000SP |||||||||||||||||spa|d | ||
| 020 | |a 8474325471 | ||
| 082 | 0 | 4 | |a 882 |b STE |2 21 |
| 100 | 0 | |a Steiner, George |e author |9 550482 | |
| 245 | 1 | 0 | |a Antígonas: La travesía de un mito universal por la historia de Occidente |
| 250 | |a 1a. ed | ||
| 300 | |a 372 p | ||
| 942 | |c BK | ||
| 945 | |d 20100617 00:00:00 |a dcastane | ||
| 260 | |a Barcelona |b Gedisa |c 1996 | ||
| 600 | 0 | |a Sófocles |e autor |9 269407 | |
| 650 | 7 | |a LITERATURA GRIEGA |2 CL-VaPUC |9 258054 | |
| 650 | 7 | |a CARACTER LEGENDARIO EN LITERATURA |2 CL-VaPUC |9 550483 | |
| 583 | |a last modification |c 20100617 00:00:00 |k Rodrigo Vera | ||
| 490 | 0 | |a Econobook | |
| 999 | |c 341377 |d 341375 | ||
| 952 | |0 0 |1 0 |4 0 |6 882_000000000000000_STE_1996 |7 0 |8 A |9 436798 |a BIBART |b BIBART |d 2019-11-22 |i 4686675 |o 882 STE 1996 |p 4686675 |r 2025-03-13 |w 2019-11-22 |y BK |k ART | ||